书目信息 |
| 题名: |
文苑散步
|
|
| 作者: | 张中载 著 | |
| 分册: | ||
| 出版信息: | 北京 外语教学与研究出版社 2010.03 |
|
| 页数: | 335页 | |
| 开本: | 23cm | |
| 丛书名: | 北外英语学院人文论丛 | |
| 单 册: | ||
| 中图分类: | C53 | |
| 科图分类: | ||
| 主题词: | 随笔--sui bi--中国--当代--作品集 , 文学评论--wen xue ping lun--世界--文集 , 杂文--za wen--中国--当代--作品集 | |
| 电子资源: | ||
| ISBN: | 978-7-5600-9369-7 | |
| 000 | 01034nam 2200289 450 | |
| 001 | B00000026517 | |
| 005 | 20110715085025.48 | |
| 010 | @a978-7-5600-9369-7@dCNY39.90 | |
| 100 | @a20100408d2010 km y0chiy50 ea | |
| 101 | 0 | @achi |
| 102 | @aCN@b110000 | |
| 105 | @aa z 000yy | |
| 106 | @ar | |
| 200 | 1 | @a文苑散步@Awen yuan san bu@f张中载著 |
| 210 | @a北京@c外语教学与研究出版社@d2010.03 | |
| 215 | @a335页@d23cm | |
| 225 | 2 | @a北外英语学院人文论丛@Abei wai ying yu xue yuan ren wen lun cong |
| 330 | @a本书为第一辑的第一个分册;各册领域分别涉及文学、语言学、文化、翻译等。本书是第一个分册,张中载教授文章自选集。侧重文学,包括杂文、文学评论、文论随笔三个部分,精选作者治学几十年研究的文章50篇。 | |
| 410 | 0 | @12001 @a北外英语学院人文论丛 |
| 586 | @a | |
| 606 | 0 | @a随笔@Asui bi@y中国@z当代@j作品集 |
| 606 | 0 | @a文学评论@Awen xue ping lun@y世界@j文集 |
| 606 | 0 | @a杂文@Aza wen@y中国@z当代@j作品集 |
| 690 | @aC53@v5 | |
| 701 | 0 | @a张中载@Azhang zhong zai@4著 |
| 801 | 0 | @aCN@c20110610 |
| 905 | @dC53@eZ250@f3 | |
| 文苑散步/张中载著.-北京:外语教学与研究出版社,2010.03 |
| 335页;23cm.-(北外英语学院人文论丛) |
| ISBN 978-7-5600-9369-7:CNY39.90 |
| 本书为第一辑的第一个分册;各册领域分别涉及文学、语言学、文化、翻译等。本书是第一个分册,张中载教授文章自选集。侧重文学,包括杂文、文学评论、文论随笔三个部分,精选作者治学几十年研究的文章50篇。 |
| ● |
| 相关链接 |
|
|
|
正题名:文苑散步
索取号:C53/Z250
 
预约/预借
| 序号 | 登录号 | 条形码 | 馆藏地/架位号 | 状态 | 备注 |
| 1 | 883256 | 208832566 | 社科库509/509社科库 54排9列3层/ [索取号:C53/Z250] | 在馆 | |
| 2 | 883257 | 208832575 | 社科库509/509社科库 54排9列3层/ [索取号:C53/Z250] | 在馆 | |
| 3 | 883258 | 208832584 | 社科库509/509社科库 54排9列3层/ [索取号:C53/Z250] | 在馆 |